|
|
|
|
| LEADER |
00000nam a2200000Ia 4500 |
| 008 |
180828b1986 cr ||||| |||| 00| | spa d |
| 999 |
|
|
|c 2084
|d 2084
|
| 090 |
|
|
|a 13.09.09
|b 134
|
| 100 |
|
|
|a Méndez Barrantes, Zayra
|9 2957
|
| 245 |
1 |
0 |
|a Maestro como observador /
|c Zayra Méndez Barrantes, Aida Mainieri Hidalgo
|
| 260 |
|
|
|a San José, Costa Rica :
|b IIMEC,
|c 1986
|
| 300 |
|
|
|a 3 páginas.
|
| 650 |
|
0 |
|a DOCENTES
|9 331
|
| 650 |
|
0 |
|a OBSERVACIÓN
|9 1066
|
| 650 |
|
0 |
|a EDUCACIÓN
|9 1
|
| 650 |
|
0 |
|a APRENDIZAJE
|9 387
|
| 650 |
|
0 |
|a DESARROLLO DE HABILIDADES
|9 644
|
| 650 |
|
0 |
|a NIÑOS
|9 59
|
| 700 |
|
|
|a Mainieri Hidalgo, Aida María
|
| 710 |
|
|
|a Universidad de Costa Rica. Facultad de Educación. IIMEC
|
| 942 |
|
|
|i 0091
|h 13.09.09 134
|2 z
|c 04
|